Catálogo
 En Linea

Guía breve de la asamblea cristiana / (Registro nro. 36364)

Detalles MARC
000 -CABECERA
campo de control de longitud fija 00633nam a2200181 a 4500
001 - NÚMERO DE CONTROL
campo de control 000036873
005 - FECHA Y HORA DE LA ÚLTIMA TRANSACCIÓN
campo de control 20200930080005.0
008 - DATOS DE LONGITUD FIJA--INFORMACIÓN GENERAL
campo de control de longitud fija 120203s1974 sp 000 0 spa d
040 ## - FUENTE DE LA CATALOGACIÓN
Centro catalogador/agencia de origen DO-SdBNP
Lengua de catalogación spa
Centro/agencia transcriptor BNPHU
082 ## - NÚMERO DE LA CLASIFICACIÓN DECIMAL DEWEY
Número de clasificación xxx
Número de documento/Ítem F917g
100 1# - ENTRADA PRINCIPAL--NOMBRE DE PERSONA
Nombre de persona Frisque, Jean
9 (RLIN) 63242
245 10 - MENCIÓN DE TÍTULO
Título Guía breve de la asamblea cristiana /
Mención de responsabilidad, etc. Jean Frisque ; traducción José Alvilares Moure.
246 10 - FORMA VARIANTE DE TÍTULO
Título propio/Titulo breve Petit guide de l´assemblée chrétienne.
-- español
260 ## - PUBLICACIÓN, DISTRIBUCIÓN, ETC.
Lugar de publicación, distribución, etc. Madrid, España :
Nombre del editor, distribuidor, etc. Ediciones Marova,
Fecha de publicación, distribución, etc. 1974.
300 ## - DESCRIPCIÓN FÍSICA
Extensión 579 p. ;
Dimensiones 16 cm.
500 ## - NOTA GENERAL
Nota general Comentarios al leccionario de la misa
700 1# - PUNTO DE ACCESO ADICIONAL--NOMBRE DE PERSONA
Nombre de persona Alvilares Moure, José,
Término indicativo de función/relación tr.
9 (RLIN) 63243
Existencias
Estado de retiro Estado de pérdida Restricciones de uso No para préstamo Código de colección Localización permanente Ubicación/localización actual Ubicación en estantería Fecha de adquisición Número de inventario Total de préstamos Signatura topográfica completa Código de barras Fecha visto por última vez Precio válido a partir de Tipo de ítem Koha
      Excluido de préstamo Monografías: Libros y Folletos General General Depósito 03.02.2012 LF1   xxx F917g 36873-10 25.06.2020 25.06.2020 No se presta

Con tecnología Koha